000 00783 a2200301 4500
003 Nust
005 20170207154041.0
020 _a0-07-222784-2 (pbk.) :
035 _a(Uk)0072227842
040 _cNust
082 0 4 _a005.8
082 0 4 _a005.8
100 1 _aShema, Mike
245 1 0 _aWeb security portable reference(E-BOOK)
_cMike Shema
260 _aNew York :
_bMcGraw-Hill/Osborne,
_ccop. 2003
300 _axxi, 174 s. ;
_c23 cm.
440 0 _aHackNotes
500 _aIncludes index
650 7 _aComputer networks
_xSecurity measures
650 7 _aComputer security
650 7 _aData protection
650 7 _aData security
650 7 _aDataskydd
650 7 _aDatasä«¥rhet
650 7 _aIT-sä«¥rhet
650 7 _aWeb sites
_xSecurity measures
651 _aE-BOOK
942 _2ddc
_cBK
999 _c192626
_d192626